000 00812cam a2200229 4500
001 ABS64174
008 000000n2001 000 0 eng u
035 _a(Sirsi) u113512
100 _aGreen, D.
245 _aServing up trouble under the Civil Procedure Rules
260 _c2001
490 _aNew Law Journal
_v151(6988) 15 June 2001, 878-880(3)
520 _aReviews case law and the issues relating to the service of proceedings under the Civil Procedure Rules on individuals, registered companies, defunct companies and extending the validity of the claim form. Case law.
590 _aABS
650 _aCIVIL PROCEDURE RULES
650 _aCIVIL PROCEDURE RULES
650 _aINDIVIDUALS
650 _aREGISTERED COMPANIES
650 _aSERVICE OF PROCEEDINGS
690 _aLAW
942 _n0
999 _c67620
_d67620